| 000 | 01617nam0a2200409 i 4500 | ||
|---|---|---|---|
| 001 | RU\NLR\BIBL_A\010360379 | ||
| 005 | 20240921171722.0 | ||
| 010 |
_a9785386072124 _95000 |
||
| 021 |
_aRU _b2014-22070 _91371 |
||
| 035 | _a(NILC)RuMoRGB-006766787 | ||
| 035 | _a(NLR Aleph) 010360379 | ||
| 090 |
_a10777257 _c10777257 |
||
| 100 | _a20140523d2014 u y0rusy50 ca | ||
| 101 | 0 | _arus | |
| 102 | _aRU | ||
| 105 | _ay|||z||||||y| | ||
| 200 | 1 |
_aПиво и квас _e1000 лучших рецептов _f[сост.: С. П. Кашин] |
|
| 210 |
_aМосква _cРИПОЛ классик _d2014 |
||
| 215 |
_a574, [1] с. _d15 |
||
| 225 | 1 | _aВаш домашний повар | |
| 300 | _aВ вып. дан. и на обороте тит. л. в макете загл.: Ваш домашний повар. Пиво и квас. 1000 лучших рецептов | ||
| 517 | 1 | _aВаш домашний повар. Пиво и квас. 1000 лучших рецептов | |
| 606 |
_aДомашнее пивоварение _92108168 _3RU\NLR\AUTH\661274316 |
||
| 606 |
_aКвас _xРецептура _92107081 _3RU\NLR\AUTH\661273761 |
||
| 606 |
_aЗакуски холодные _xРецептура _92096271 _3RU\NLR\AUTH\661268315 |
||
| 610 | 0 | _aзакуски к пиву | |
| 675 | _a663.1/.4(083.12) | ||
| 686 | 1 | _aЛ991.4 | |
| 686 | 1 | _aЛ876 | |
| 686 | 1 | _aЛ877 | |
| 702 | 1 |
_aКашин _bС. П. _gСергей Павлович _4220 |
|
| 801 | 0 |
_aRU _bRuMoRKP _c20140324 _gRCR |
|
| 801 | 2 |
_aRU _bРГБ _c20140404 _grcr |
|
| 942 | _cBOOK | ||
| 980 | _aNBR | ||